Pastoral de la mujer /

Saved in:
Bibliographic Details
Main Author: Foulkes, Irene W. De
Corporate Author: Programa Diversificado a Distancia
Other Authors: Tamez Elsa
Format: Text
Published: San José: SEVILLA
Tags: Add Tag
No Tags, Be the first to tag this record!

MARC

LEADER 00000 a a2200000 04500
001 24451
003
040
090 |a 175400  
100 |a Foulkes, Irene W. De  
110 |a Programa Diversificado a Distancia  
245 |a Pastoral de la mujer /  |c Irene W. De Foulkes 
260 |a San José:   |b SEVILLA  
300 |a 82 p.  
700 |a Tamez Elsa  
999 |c 7289  |d 7289